Time-based competition : The next battleground in American manufacturing

Uloženo v:
Podrobná bibliografie
Hlavní autor: Blackburn, Joseph D.
Médium: Kniha
Jazyk:Undetermined
Vydáno: Homewood, Ill. Business One Irwin 1991
Témata:
Tagy: Přidat tag
Žádné tagy, Buďte první, kdo otaguje tento záznam!
Thư viện lưu trữ: Trung tâm Học liệu Trường Đại học Cần Thơ
LEADER 00673nam a2200217Ia 4500
001 CTU_95855
008 210402s9999 xx 000 0 und d
082 |a 658.5 
082 |b B628 
100 |a Blackburn, Joseph D. 
245 0 |a Time-based competition : 
245 4 |b The next battleground in American manufacturing 
245 0 |c Joseph D. Blackburn 
260 |a Homewood, Ill. 
260 |b Business One Irwin 
260 |c 1991 
650 |a Manufacturing industries,Just-in-time systems,Competition 
650 |x Management 
650 |z United states,United states,United states 
904 |i Năm 
980 |a Trung tâm Học liệu Trường Đại học Cần Thơ